[Event "DEM U14 2021"]
[Site "Willingen GER"]
[Date "2021.08.27"]
[Round "7"]
[White "Hagner, Bennet"]
[Black "Bakiev, Diyor"]
[Result "1/2-1/2"]
[Termination "normal"]
[Board "4"]
[WhiteElo "2118"]
[BlackElo "2119"]
[WhiteClock "00:09:27"]
[BlackClock "00:03:27"]
[PlyCount "66"]
[WhiteFideId "16224477"]
[BlackFideId "16241584"]
[EventCountry "GER"]
[EventRounds "9"]
[EventType "swiss"]
[EventDate "2021.08.22"]

1. e4 {[%clk 1:30:58]} b6 {[%clk 1:30:52]} 2. d4 {[%clk 1:29:09]} Bb7 {[%clk
1:31:18]} 3. Nc3 {[%clk 1:29:09]} e6 {[%clk 1:31:42]} 4. Bd3 {[%clk 1:25:52]}
Bb4 {[%clk 1:30:51]} 5. a3 {[%clk 1:15:23]} Bxc3+ {[%clk 1:28:13]} 6. bxc3
{[%clk 1:15:52]} f5 {[%clk 1:15:06]} 7. f3 {[%clk 1:15:58]} Qh4+ {[%clk
0:58:13]} 8. g3 {[%clk 1:16:13]} Qf6 {[%clk 0:56:48]} 9. Nh3 {[%clk 1:05:28]}
Ne7 {[%clk 0:53:16]} 10. Bf4 {[%clk 1:01:38]} c5 {[%clk 0:45:53]} 11. Bg5
{[%clk 0:49:51]} Qf7 {[%clk 0:44:09]} 12. O-O {[%clk 0:45:08]} O-O {[%clk
0:42:50]} 13. Rb1 {[%clk 0:45:16]} cxd4 {[%clk 0:38:48]} 14. cxd4 {[%clk
0:45:32]} Nbc6 {[%clk 0:38:37]} 15. Be3 {[%clk 0:41:51]} Rac8 {[%clk 0:36:06]}
16. Nf4 {[%clk 0:38:02]} Na5 {[%clk 0:33:41]} 17. Qe2 {[%clk 0:35:37]} g5
{[%clk 0:27:53]} 18. Ng2 {[%clk 0:31:38]} h6 {[%clk 0:27:13]} 19. Bd2 {[%clk
0:29:50]} Nac6 {[%clk 0:25:55]} 20. c3 {[%clk 0:29:47]} Ng6 {[%clk 0:23:19]}
21. h4 {[%clk 0:18:53]} Qf6 {[%clk 0:17:53]} 22. hxg5 {[%clk 0:19:07]} hxg5
{[%clk 0:18:16]} 23. e5 {[%clk 0:16:42]} Qg7 {[%clk 0:15:30]} 24. Kf2 {[%clk
0:14:58]} Kf7 {[%clk 0:13:49]} 25. Qe3 {[%clk 0:14:33]} Na5 {[%clk 0:07:18]}
26. Qxg5 {[%clk 0:14:25]} Ne7 {[%clk 0:06:10]} 27. Qxg7+ {[%clk 0:13:44]} Kxg7
{[%clk 0:06:39]} 28. Nf4 {[%clk 0:12:36]} Nd5 {[%clk 0:04:49]} 29. Nxd5 {[%clk
0:12:40]} Bxd5 {[%clk 0:05:13]} 30. Rh1 {[%clk 0:13:00]} Rh8 {[%clk 0:04:32]}
31. Ke2 {[%clk 0:11:36]} Nc4 {[%clk 0:03:46]} 32. Bg5 {[%clk 0:08:59]} Rxh1
{[%clk 0:03:40]} 33. Rxh1 {[%clk 0:09:27]} Nb2 {[%clk 0:03:27]} 1/2-1/2

[Event "DEM U14 2021"]
[Site "Willingen GER"]
[Date "2021.08.27"]
[Round "7"]
[White "Heinrich, John"]
[Black "Rempe, Jonas"]
[Result "1/2-1/2"]
[Termination "normal"]
[Board "5"]
[WhiteElo "1911"]
[BlackElo "2026"]
[WhiteClock "00:14:59"]
[BlackClock "00:12:41"]
[PlyCount "117"]
[WhiteFideId "16259491"]
[BlackFideId "16202406"]
[EventCountry "GER"]
[EventRounds "9"]
[EventType "swiss"]
[EventDate "2021.08.22"]

1. e4 {[%clk 1:30:57]} e5 {[%clk 1:30:54]} 2. Nf3 {[%clk 1:31:23]} Nc6 {[%clk
1:31:19]} 3. Bb5 {[%clk 1:31:49]} a6 {[%clk 1:31:46]} 4. Ba4 {[%clk 1:32:14]}
Nf6 {[%clk 1:32:11]} 5. O-O {[%clk 1:32:06]} Be7 {[%clk 1:32:35]} 6. d3 {[%clk
1:32:23]} b5 {[%clk 1:33:00]} 7. Bb3 {[%clk 1:32:49]} d6 {[%clk 1:33:07]} 8. a4
{[%clk 1:33:07]} b4 {[%clk 1:33:18]} 9. a5 {[%clk 1:33:26]} O-O {[%clk
1:33:37]} 10. Nbd2 {[%clk 1:33:45]} Be6 {[%clk 1:28:06]} 11. Nc4 {[%clk
1:34:04]} Nd7 {[%clk 1:25:40]} 12. Be3 {[%clk 1:27:41]} Bf6 {[%clk 1:24:42]}
13. c3 {[%clk 1:18:37]} Nc5 {[%clk 1:12:08]} 14. Bxc5 {[%clk 1:18:52]} dxc5
{[%clk 1:12:32]} 15. Qc2 {[%clk 1:15:42]} Rb8 {[%clk 1:07:43]} 16. Nfd2 {[%clk
1:12:29]} Bg5 {[%clk 0:53:43]} 17. Rfd1 {[%clk 1:04:44]} Qe7 {[%clk 0:50:14]}
18. Ba4 {[%clk 0:57:34]} Bxd2 {[%clk 0:47:02]} 19. Bxc6 {[%clk 0:57:50]} Bxc4
{[%clk 0:43:19]} 20. dxc4 {[%clk 0:57:48]} bxc3 {[%clk 0:39:16]} 21. bxc3
{[%clk 0:58:05]} Qf6 {[%clk 0:39:10]} 22. Qxd2 {[%clk 0:57:06]} Qxc6 {[%clk
0:39:32]} 23. Qd5 {[%clk 0:57:05]} Qg6 {[%clk 0:36:51]} 24. Rab1 {[%clk
0:53:07]} Qg5 {[%clk 0:21:23]} 25. g3 {[%clk 0:24:01]} h5 {[%clk 0:12:38]} 26.
Rxb8 {[%clk 0:19:19]} Rxb8 {[%clk 0:13:03]} 27. Qxc5 {[%clk 0:19:17]} Qg4
{[%clk 0:09:28]} 28. Re1 {[%clk 0:17:51]} Rb2 {[%clk 0:08:14]} 29. Qxc7 {[%clk
0:17:01]} Qf3 {[%clk 0:08:28]} 30. Qc8+ {[%clk 0:17:12]} Kh7 {[%clk 0:08:23]}
31. Qf5+ {[%clk 0:17:36]} Qxf5 {[%clk 0:08:49]} 32. exf5 {[%clk 0:18:00]} f6
{[%clk 0:06:59]} 33. Ra1 {[%clk 0:08:55]} Rb3 {[%clk 0:06:58]} 34. Ra4 {[%clk
0:08:48]} Rxc3 {[%clk 0:07:22]} 35. Kf1 {[%clk 0:08:24]} Rc2 {[%clk 0:06:41]}
36. Ke1 {[%clk 0:06:59]} g6 {[%clk 0:07:07]} 37. Rb4 {[%clk 0:06:31]} Ra2
{[%clk 0:07:14]} 38. Rb7+ {[%clk 0:05:55]} Kh8 {[%clk 0:04:24]} 39. fxg6 {[%clk
0:06:03]} Rxa5 {[%clk 0:04:48]} 40. Ra7 {[%clk 0:05:20]} Rc5 {[%clk 0:04:30]}
41. Rxa6 {[%clk 0:05:27]} Kg7 {[%clk 0:01:13]} 42. Ra4 {[%clk 0:05:45]} Kxg6
{[%clk 0:00:48]} 43. Kd2 {[%clk 0:06:02]} Kf5 {[%clk 0:29:49]} 44. f3 {[%clk
0:35:25]} e4 {[%clk 0:29:29]} 45. Ke3 {[%clk 0:32:56]} exf3 {[%clk 0:25:55]}
46. Kxf3 {[%clk 0:33:21]} Kg5 {[%clk 0:25:45]} 47. Rb4 {[%clk 0:33:25]} Rf5+
{[%clk 0:21:30]} 48. Ke3 {[%clk 0:29:56]} Re5+ {[%clk 0:20:22]} 49. Kd3 {[%clk
0:29:22]} f5 {[%clk 0:19:22]} 50. Rb5 {[%clk 0:28:16]} Re1 {[%clk 0:16:24]} 51.
Rb2 {[%clk 0:27:59]} h4 {[%clk 0:15:11]} 52. Kd4 {[%clk 0:22:42]} hxg3 {[%clk
0:14:27]} 53. hxg3 {[%clk 0:23:05]} Kg4 {[%clk 0:14:50]} 54. Rb3 {[%clk
0:23:24]} Rd1+ {[%clk 0:13:05]} 55. Ke5 {[%clk 0:21:58]} Re1+ {[%clk 0:13:20]}
56. Kd4 {[%clk 0:18:40]} Rd1+ {[%clk 0:13:42]} 57. Ke3 {[%clk 0:18:37]} Rg1
{[%clk 0:13:53]} 58. Ke2 {[%clk 0:16:26]} Rg2+ {[%clk 0:12:41]} 59. Kd1 {[%clk
0:14:59]} 1/2-1/2

[Event "DEM U14 2021"]
[Site "Willingen GER"]
[Date "2021.08.27"]
[Round "7"]
[White "Hänselmann, Hendrik"]
[Black "Krüger, Arthur"]
[Result "1/2-1/2"]
[Termination "normal"]
[Board "6"]
[WhiteElo "1859"]
[BlackElo "1643"]
[WhiteClock "00:09:36"]
[BlackClock "00:19:34"]
[PlyCount "47"]
[WhiteFideId "16232755"]
[BlackFideId "16244966"]
[EventCountry "GER"]
[EventRounds "9"]
[EventType "swiss"]
[EventDate "2021.08.22"]

1. e4 {[%clk 1:30:58]} e5 {[%clk 1:30:24]} 2. Nf3 {[%clk 1:31:25]} Nc6 {[%clk
1:30:30]} 3. Nc3 {[%clk 1:31:51]} Nf6 {[%clk 1:30:15]} 4. Bb5 {[%clk 1:32:15]}
Bb4 {[%clk 1:29:58]} 5. O-O {[%clk 1:32:40]} O-O {[%clk 1:29:15]} 6. d3 {[%clk
1:33:01]} d6 {[%clk 1:29:31]} 7. Ne2 {[%clk 1:32:36]} Ne7 {[%clk 1:28:59]} 8.
c3 {[%clk 1:30:17]} Ba5 {[%clk 1:29:21]} 9. Ng3 {[%clk 1:30:22]} Ng6 {[%clk
1:29:05]} 10. d4 {[%clk 1:28:18]} Bb6 {[%clk 1:25:30]} 11. h3 {[%clk 1:27:05]}
c6 {[%clk 1:19:03]} 12. Bd3 {[%clk 1:23:52]} Re8 {[%clk 1:16:23]} 13. Qc2
{[%clk 1:20:38]} h6 {[%clk 1:06:38]} 14. Re1 {[%clk 1:11:25]} Qc7 {[%clk
0:54:10]} 15. Bd2 {[%clk 1:01:27]} Be6 {[%clk 0:50:23]} 16. Qc1 {[%clk
0:55:08]} Rad8 {[%clk 0:43:02]} 17. a4 {[%clk 0:38:07]} a5 {[%clk 0:39:19]} 18.
Qc2 {[%clk 0:36:23]} Rc8 {[%clk 0:28:05]} 19. Be3 {[%clk 0:22:23]} Rcd8 {[%clk
0:25:31]} 20. Rad1 {[%clk 0:20:16]} Kh8 {[%clk 0:22:36]} 21. Qd2 {[%clk
0:13:50]} Kg8 {[%clk 0:21:21]} 22. Qc2 {[%clk 0:12:05]} Kh8 {[%clk 0:19:09]}
23. Qd2 {[%clk 0:09:18]} Kg8 {[%clk 0:19:34]} 24. Qc2 {[%clk 0:09:36]} 1/2-1/2

[Event "DEM U14 2021"]
[Site "Willingen GER"]
[Date "2021.08.27"]
[Round "7"]
[White "Hecht, Jonas Christian"]
[Black "von Mettenheim, Johannes"]
[Result "1-0"]
[Termination "normal"]
[Board "7"]
[WhiteElo "1948"]
[BlackElo "1953"]
[WhiteClock "00:54:08"]
[BlackClock "01:12:08"]
[PlyCount "39"]
[WhiteFideId "16214846"]
[BlackFideId "16244818"]
[EventCountry "GER"]
[EventRounds "9"]
[EventType "swiss"]
[EventDate "2021.08.22"]

1. e4 {[%clk 1:30:58]} c5 {[%clk 1:30:54]} 2. Nf3 {[%clk 1:31:25]} e6 {[%clk
1:31:20]} 3. d4 {[%clk 1:31:52]} cxd4 {[%clk 1:31:43]} 4. Nxd4 {[%clk 1:32:16]}
a6 {[%clk 1:32:07]} 5. Nc3 {[%clk 1:30:55]} Qc7 {[%clk 1:32:31]} 6. Be3 {[%clk
1:30:37]} Nf6 {[%clk 1:32:52]} 7. a3 {[%clk 1:24:42]} b5 {[%clk 1:30:53]} 8. f3
{[%clk 1:17:19]} Bb7 {[%clk 1:30:01]} 9. Be2 {[%clk 1:15:37]} Bc5 {[%clk
1:27:38]} 10. Qd2 {[%clk 1:09:56]} d5 {[%clk 1:27:17]} 11. Ndxb5 {[%clk
1:02:38]} axb5 {[%clk 1:27:10]} 12. Nxb5 {[%clk 1:02:37]} Qb6 {[%clk 1:25:36]}
13. Bxc5 {[%clk 1:02:57]} Qxc5 {[%clk 1:26:02]} 14. e5 {[%clk 1:03:09]} Nfd7
{[%clk 1:22:07]} 15. Nd6+ {[%clk 1:03:04]} Kf8 {[%clk 1:20:59]} 16. Nxb7 {[%clk
1:02:02]} Qb6 {[%clk 1:21:16]} 17. Nd6 {[%clk 1:00:53]} Qxb2 {[%clk 1:21:06]}
18. O-O {[%clk 1:01:08]} Qxe5 {[%clk 1:19:31]} 19. Qb4 {[%clk 0:54:01]} Ke7
{[%clk 1:12:08]} 20. Nc4+ {[%clk 0:54:08]} 1-0

[Event "DEM U14 2021"]
[Site "Willingen GER"]
[Date "2021.08.27"]
[Round "7"]
[White "Metzdorf, Matteo"]
[Black "Kempe, Caius Emilian"]
[Result "1/2-1/2"]
[Termination "normal"]
[Board "8"]
[WhiteElo "1859"]
[BlackElo "2013"]
[WhiteClock "00:03:22"]
[BlackClock "00:35:17"]
[PlyCount "70"]
[WhiteFideId "16209869"]
[BlackFideId "16246861"]
[EventCountry "GER"]
[EventRounds "9"]
[EventType "swiss"]
[EventDate "2021.08.22"]

1. e4 {[%clk 1:30:59]} e6 {[%clk 1:30:53]} 2. d4 {[%clk 1:31:23]} d5 {[%clk
1:31:16]} 3. Nc3 {[%clk 1:31:46]} Nf6 {[%clk 1:31:40]} 4. e5 {[%clk 1:32:12]}
Nfd7 {[%clk 1:32:01]} 5. f4 {[%clk 1:32:35]} c5 {[%clk 1:32:22]} 6. Nf3 {[%clk
1:33:02]} Nc6 {[%clk 1:32:41]} 7. Be3 {[%clk 1:33:26]} Be7 {[%clk 1:33:02]} 8.
Qd2 {[%clk 1:33:14]} O-O {[%clk 1:33:17]} 9. g3 {[%clk 1:28:47]} b6 {[%clk
1:31:26]} 10. Bg2 {[%clk 1:28:09]} f6 {[%clk 1:31:19]} 11. O-O {[%clk 1:07:16]}
fxe5 {[%clk 1:29:12]} 12. fxe5 {[%clk 1:06:07]} cxd4 {[%clk 1:29:06]} 13. Nxd4
{[%clk 1:06:14]} Ndxe5 {[%clk 1:28:59]} 14. Nxc6 {[%clk 1:05:13]} Nxc6 {[%clk
1:28:49]} 15. Nxd5 {[%clk 1:04:57]} Bb7 {[%clk 1:14:43]} 16. Nxe7+ {[%clk
0:42:29]} Qxe7 {[%clk 1:15:01]} 17. Rae1 {[%clk 0:39:41]} Rxf1+ {[%clk
1:13:05]} 18. Rxf1 {[%clk 0:37:47]} Ne5 {[%clk 1:09:54]} 19. Bf4 {[%clk
0:28:47]} Rd8 {[%clk 1:05:23]} 20. Qe2 {[%clk 0:21:14]} Bxg2 {[%clk 1:05:18]}
21. Kxg2 {[%clk 0:20:50]} Ng6 {[%clk 1:03:58]} 22. Bc1 {[%clk 0:16:47]} Rd6
{[%clk 0:59:16]} 23. b3 {[%clk 0:10:48]} Qd7 {[%clk 0:59:26]} 24. Qe4 {[%clk
0:10:26]} Rd5 {[%clk 0:54:48]} 25. c4 {[%clk 0:10:08]} Rf5 {[%clk 0:55:09]} 26.
Qa8+ {[%clk 0:08:07]} Kf7 {[%clk 0:55:15]} 27. Rxf5+ {[%clk 0:06:51]} exf5
{[%clk 0:54:25]} 28. Bg5 {[%clk 0:06:43]} h6 {[%clk 0:53:45]} 29. Be3 {[%clk
0:06:29]} Ne5 {[%clk 0:51:25]} 30. Bf4 {[%clk 0:05:31]} Ng4 {[%clk 0:43:52]}
31. h3 {[%clk 0:05:00]} Nf6 {[%clk 0:43:44]} 32. Qb8 {[%clk 0:04:24]} g5 {[%clk
0:42:21]} 33. Bd6 {[%clk 0:03:54]} Ke6 {[%clk 0:41:08]} 34. Bb4 {[%clk
0:03:28]} Qd3 {[%clk 0:36:17]} 35. Qxa7 {[%clk 0:03:22]} Qe2+ {[%clk 0:35:17]}
1/2-1/2

[Event "DEM U14 2021"]
[Site "Willingen GER"]
[Date "2021.08.27"]
[Round "7"]
[White "Zhou, Lepu Coco"]
[Black "Nitsche, Nikolai"]
[Result "1-0"]
[Termination "normal"]
[Board "9"]
[WhiteElo "2009"]
[BlackElo "1835"]
[WhiteClock "00:05:19"]
[BlackClock "00:13:46"]
[PlyCount "81"]
[WhiteFideId "16217136"]
[BlackFideId "16221036"]
[EventCountry "GER"]
[EventRounds "9"]
[EventType "swiss"]
[EventDate "2021.08.22"]

1. e4 {[%clk 1:30:56]} e5 {[%clk 1:30:47]} 2. Nf3 {[%clk 1:31:18]} Nc6 {[%clk
1:31:11]} 3. Bb5 {[%clk 1:31:38]} a6 {[%clk 1:31:30]} 4. Ba4 {[%clk 1:32:03]}
b5 {[%clk 1:31:43]} 5. Bb3 {[%clk 1:32:25]} Na5 {[%clk 1:31:51]} 6. Nxe5 {[%clk
1:26:29]} Nxb3 {[%clk 1:31:19]} 7. axb3 {[%clk 1:25:40]} Qg5 {[%clk 1:31:02]}
8. d4 {[%clk 1:19:13]} Qxg2 {[%clk 1:30:13]} 9. Qf3 {[%clk 1:19:18]} Qxf3
{[%clk 1:30:29]} 10. Nxf3 {[%clk 1:19:42]} Bb7 {[%clk 1:29:01]} 11. Nbd2 {[%clk
1:16:16]} Nf6 {[%clk 1:28:14]} 12. O-O {[%clk 1:10:40]} g6 {[%clk 1:17:57]} 13.
c4 {[%clk 1:05:08]} Bg7 {[%clk 1:08:25]} 14. e5 {[%clk 1:00:53]} Nh5 {[%clk
1:08:16]} 15. d5 {[%clk 1:00:33]} c6 {[%clk 1:06:39]} 16. Ne4 {[%clk 0:59:51]}
O-O {[%clk 1:02:57]} 17. Nc5 {[%clk 0:46:10]} Bc8 {[%clk 1:02:48]} 18. d6
{[%clk 0:46:14]} Re8 {[%clk 1:00:05]} 19. Re1 {[%clk 0:46:35]} Bf8 {[%clk
0:55:17]} 20. Ne4 {[%clk 0:37:48]} bxc4 {[%clk 0:52:09]} 21. bxc4 {[%clk
0:35:14]} Bg7 {[%clk 0:51:22]} 22. Bg5 {[%clk 0:33:23]} h6 {[%clk 0:47:49]} 23.
Be7 {[%clk 0:18:57]} Nf4 {[%clk 0:45:45]} 24. Nc5 {[%clk 0:11:44]} g5 {[%clk
0:36:48]} 25. Nd4 {[%clk 0:10:57]} Ng6 {[%clk 0:36:23]} 26. Bf6 {[%clk
0:08:34]} Nxe5 {[%clk 0:28:21]} 27. Bxg7 {[%clk 0:08:43]} Kxg7 {[%clk 0:28:46]}
28. Nd3 {[%clk 0:07:53]} f6 {[%clk 0:25:55]} 29. Nf5+ {[%clk 0:08:04]} Kf7
{[%clk 0:25:25]} 30. Nxh6+ {[%clk 0:08:21]} Kg6 {[%clk 0:25:32]} 31. Nxe5+
{[%clk 0:08:24]} Rxe5 {[%clk 0:25:41]} 32. Rxe5 {[%clk 0:08:45]} fxe5 {[%clk
0:26:09]} 33. Ng4 {[%clk 0:09:00]} Kf5 {[%clk 0:26:00]} 34. h3 {[%clk 0:06:11]}
Rb8 {[%clk 0:24:13]} 35. Ra5 {[%clk 0:05:53]} Ke6 {[%clk 0:24:20]} 36. Rxe5+
{[%clk 0:04:47]} Kxd6 {[%clk 0:24:43]} 37. Rxg5 {[%clk 0:05:06]} Rxb2 {[%clk
0:25:01]} 38. h4 {[%clk 0:05:27]} Re2 {[%clk 0:22:29]} 39. Ne3 {[%clk 0:05:31]}
Ke7 {[%clk 0:17:13]} 40. h5 {[%clk 0:05:06]} Rd2 {[%clk 0:13:46]} 41. h6 {[%clk
0:05:19]} 1-0

[Event "DEM U14 2021"]
[Site "Willingen GER"]
[Date "2021.08.27"]
[Round "7"]
[White "Prieb, Robert"]
[Black "Fuhrmann, Bahne"]
[Result "1/2-1/2"]
[Termination "normal"]
[Board "10"]
[WhiteTitle "CM"]
[WhiteElo "1950"]
[BlackElo "1796"]
[WhiteClock "00:38:52"]
[BlackClock "01:07:04"]
[PlyCount "41"]
[WhiteFideId "16212002"]
[BlackFideId "16244842"]
[EventCountry "GER"]
[EventRounds "9"]
[EventType "swiss"]
[EventDate "2021.08.22"]

1. d4 {[%clk 1:30:55]} Nf6 {[%clk 1:30:58]} 2. c4 {[%clk 1:31:13]} g6 {[%clk
1:31:18]} 3. Nc3 {[%clk 1:31:27]} Bg7 {[%clk 1:31:45]} 4. e4 {[%clk 1:31:32]}
d6 {[%clk 1:32:09]} 5. Nf3 {[%clk 1:31:42]} O-O {[%clk 1:32:26]} 6. Be2 {[%clk
1:31:47]} e5 {[%clk 1:32:50]} 7. O-O {[%clk 1:32:05]} exd4 {[%clk 1:33:13]} 8.
Nxd4 {[%clk 1:32:08]} Re8 {[%clk 1:33:27]} 9. f3 {[%clk 1:31:20]} c6 {[%clk
1:33:50]} 10. Nc2 {[%clk 1:28:32]} Na6 {[%clk 1:32:21]} 11. Be3 {[%clk
1:22:32]} d5 {[%clk 1:30:49]} 12. exd5 {[%clk 1:17:20]} cxd5 {[%clk 1:31:06]}
13. Bf2 {[%clk 1:16:24]} Nc7 {[%clk 1:24:24]} 14. Re1 {[%clk 1:10:51]} dxc4
{[%clk 1:18:56]} 15. Bxc4 {[%clk 1:10:23]} Be6 {[%clk 1:17:14]} 16. Qxd8 {[%clk
1:07:32]} Rexd8 {[%clk 1:17:19]} 17. Bxe6 {[%clk 1:04:42]} Nxe6 {[%clk
1:17:42]} 18. Rad1 {[%clk 1:01:00]} Nd7 {[%clk 1:14:48]} 19. Nd5 {[%clk
0:51:58]} Nb6 {[%clk 1:07:54]} 20. Nxb6 {[%clk 0:44:35]} axb6 {[%clk 1:07:04]}
21. Rxd8+ {[%clk 0:38:52]} 1/2-1/2

[Event "DEM U14 2021"]
[Site "Willingen GER"]
[Date "2021.08.27"]
[Round "7"]
[White "Hayen, Andre"]
[Black "Klühs, Gustaf"]
[Result "0-1"]
[Termination "normal"]
[Board "11"]
[WhiteElo "1438"]
[BlackElo "1869"]
[WhiteClock "00:23:19"]
[BlackClock "00:56:42"]
[PlyCount "86"]
[WhiteFideId "16278984"]
[BlackFideId "16228936"]
[EventCountry "GER"]
[EventRounds "9"]
[EventType "swiss"]
[EventDate "2021.08.22"]

1. e4 {[%clk 1:30:57]} e6 {[%clk 1:30:56]} 2. d4 {[%clk 1:31:25]} d5 {[%clk
1:31:22]} 3. exd5 {[%clk 1:31:52]} exd5 {[%clk 1:31:47]} 4. Bd3 {[%clk
1:32:18]} Nc6 {[%clk 1:32:14]} 5. Ne2 {[%clk 1:32:42]} Nb4 {[%clk 1:30:11]} 6.
Nbc3 {[%clk 1:33:05]} c6 {[%clk 1:30:20]} 7. Bf4 {[%clk 1:31:51]} Bd6 {[%clk
1:27:37]} 8. a3 {[%clk 1:31:25]} Nxd3+ {[%clk 1:27:59]} 9. Qxd3 {[%clk
1:31:53]} Ne7 {[%clk 1:28:20]} 10. Bxd6 {[%clk 1:29:04]} Qxd6 {[%clk 1:28:39]}
11. h4 {[%clk 1:28:17]} Bf5 {[%clk 1:27:21]} 12. Qd2 {[%clk 1:28:37]} h6 {[%clk
1:26:03]} 13. O-O-O {[%clk 1:24:37]} b5 {[%clk 1:24:42]} 14. Qf4 {[%clk
1:23:10]} Qd7 {[%clk 1:24:49]} 15. Rde1 {[%clk 1:20:24]} a5 {[%clk 1:22:56]}
16. Ng3 {[%clk 1:20:06]} Be6 {[%clk 1:23:14]} 17. Nh5 {[%clk 1:19:24]} Kf8
{[%clk 1:22:01]} 18. Qe5 {[%clk 1:18:48]} Rg8 {[%clk 1:21:01]} 19. Nf4 {[%clk
1:17:43]} Bf5 {[%clk 1:18:52]} 20. b3 {[%clk 1:05:35]} Ng6 {[%clk 1:16:54]} 21.
Nxg6+ {[%clk 1:04:25]} Bxg6 {[%clk 1:17:19]} 22. Qf4 {[%clk 0:57:56]} f6 {[%clk
1:14:51]} 23. g4 {[%clk 0:53:59]} Kf7 {[%clk 1:13:16]} 24. Re3 {[%clk 0:48:45]}
Rae8 {[%clk 1:11:51]} 25. Rhe1 {[%clk 0:46:50]} Rxe3 {[%clk 1:11:42]} 26. Rxe3
{[%clk 0:46:53]} Rd8 {[%clk 1:03:12]} 27. Re2 {[%clk 0:35:31]} Qd6 {[%clk
1:02:09]} 28. Qxd6 {[%clk 0:35:43]} Rxd6 {[%clk 1:02:35]} 29. f4 {[%clk
0:34:49]} h5 {[%clk 1:02:54]} 30. g5 {[%clk 0:33:09]} Re6 {[%clk 1:02:16]} 31.
b4 {[%clk 0:30:24]} axb4 {[%clk 1:01:36]} 32. axb4 {[%clk 0:30:48]} Be4 {[%clk
1:01:05]} 33. Nd1 {[%clk 0:27:19]} Kg6 {[%clk 0:55:58]} 34. Ne3 {[%clk
0:27:37]} Re7 {[%clk 0:54:43]} 35. Kb2 {[%clk 0:25:48]} Bf3 {[%clk 0:54:07]}
36. f5+ {[%clk 0:23:30]} Kf7 {[%clk 0:54:24]} 37. g6+ {[%clk 0:23:16]} Kf8
{[%clk 0:54:44]} 38. Re1 {[%clk 0:23:01]} Bg4 {[%clk 0:55:00]} 39. Nxg4 {[%clk
0:22:29]} Rxe1 {[%clk 0:55:22]} 40. Nf2 {[%clk 0:22:54]} Rf1 {[%clk 0:55:46]}
41. Nd3 {[%clk 0:23:20]} Rxf5 {[%clk 0:56:07]} 42. Nc5 {[%clk 0:23:44]} Ke7
{[%clk 0:56:19]} 43. Nd3 {[%clk 0:23:19]} Rf3 {[%clk 0:56:42]} 0-1

[Event "DEM U14 2021"]
[Site "Willingen GER"]
[Date "2021.08.27"]
[Round "7"]
[White "Pick, Max"]
[Black "Ehrig, Leon Chris"]
[Result "0-1"]
[Termination "normal"]
[Board "12"]
[WhiteElo "1794"]
[BlackElo "1671"]
[WhiteClock "00:22:03"]
[BlackClock "00:28:44"]
[PlyCount "110"]
[WhiteFideId "16210883"]
[BlackFideId "16244796"]
[EventCountry "GER"]
[EventRounds "9"]
[EventType "swiss"]
[EventDate "2021.08.22"]

1. d4 {[%clk 1:30:53]} Nf6 {[%clk 1:30:46]} 2. Nf3 {[%clk 1:31:12]} d5 {[%clk
1:31:12]} 3. Bg5 {[%clk 1:31:26]} Bf5 {[%clk 1:31:28]} 4. e3 {[%clk 1:30:54]}
e6 {[%clk 1:31:44]} 5. Nh4 {[%clk 1:28:26]} Bg6 {[%clk 1:31:04]} 6. Be2 {[%clk
1:28:01]} Bd6 {[%clk 1:31:12]} 7. Nd2 {[%clk 1:27:05]} c6 {[%clk 1:30:48]} 8.
c3 {[%clk 1:20:17]} Nbd7 {[%clk 1:28:53]} 9. h3 {[%clk 1:13:01]} Qc7 {[%clk
1:14:44]} 10. Nxg6 {[%clk 1:00:07]} hxg6 {[%clk 1:14:50]} 11. Qc2 {[%clk
0:59:42]} Nh7 {[%clk 1:00:23]} 12. Nf3 {[%clk 0:44:29]} e5 {[%clk 0:46:31]} 13.
e4 {[%clk 0:36:43]} f5 {[%clk 0:36:33]} 14. exf5 {[%clk 0:25:18]} e4 {[%clk
0:33:16]} 15. fxg6 {[%clk 0:25:26]} exf3 {[%clk 0:24:10]} 16. gxh7 {[%clk
0:25:26]} fxe2 {[%clk 0:24:03]} 17. Qxe2+ {[%clk 0:25:35]} Kf7 {[%clk 0:23:43]}
18. Qh5+ {[%clk 0:21:57]} g6 {[%clk 0:22:17]} 19. Qf3+ {[%clk 0:19:52]} Kg7
{[%clk 0:21:35]} 20. O-O-O {[%clk 0:19:26]} Raf8 {[%clk 0:15:57]} 21. Qe3
{[%clk 0:13:06]} Bf4 {[%clk 0:15:48]} 22. Bxf4 {[%clk 0:13:21]} Qxf4 {[%clk
0:16:14]} 23. Qxf4 {[%clk 0:13:44]} Rxf4 {[%clk 0:16:40]} 24. f3 {[%clk
0:13:48]} Kxh7 {[%clk 0:16:03]} 25. Rhe1 {[%clk 0:13:36]} Kg7 {[%clk 0:16:23]}
26. Re3 {[%clk 0:12:44]} Rf7 {[%clk 0:15:29]} 27. Rde1 {[%clk 0:11:32]} Nb6
{[%clk 0:15:42]} 28. b3 {[%clk 0:11:04]} Rd8 {[%clk 0:16:04]} 29. Kc2 {[%clk
0:10:54]} Nc8 {[%clk 0:16:17]} 30. Kd3 {[%clk 0:06:23]} Rdd7 {[%clk 0:16:22]}
31. Re8 {[%clk 0:05:35]} Rde7 {[%clk 0:16:18]} 32. R8xe7 {[%clk 0:04:59]} Rxe7
{[%clk 0:16:36]} 33. Rxe7+ {[%clk 0:04:58]} Nxe7 {[%clk 0:17:02]} 34. f4 {[%clk
0:04:51]} Kf6 {[%clk 0:16:21]} 35. Ke3 {[%clk 0:04:09]} g5 {[%clk 0:14:18]} 36.
g3 {[%clk 0:02:41]} Nf5+ {[%clk 0:10:20]} 37. Kf3 {[%clk 0:02:52]} Nh6 {[%clk
0:09:08]} 38. g4 {[%clk 0:01:38]} Nf7 {[%clk 0:09:18]} 39. fxg5+ {[%clk
0:01:32]} Nxg5+ {[%clk 0:09:24]} 40. Kg3 {[%clk 0:01:43]} Ne4+ {[%clk 0:09:32]}
41. Kf4 {[%clk 0:01:09]} Nxc3 {[%clk 0:09:27]} 42. a3 {[%clk 0:27:55]} Nb5
{[%clk 0:30:49]} 43. g5+ {[%clk 0:22:47]} Kg6 {[%clk 0:31:10]} 44. Ke5 {[%clk
0:22:58]} Kxg5 {[%clk 0:31:14]} 45. a4 {[%clk 0:23:06]} Nxd4 {[%clk 0:30:18]}
46. Kxd4 {[%clk 0:23:18]} Kh4 {[%clk 0:30:45]} 47. b4 {[%clk 0:23:34]} Kxh3
{[%clk 0:31:10]} 48. b5 {[%clk 0:23:24]} Kg4 {[%clk 0:30:44]} 49. a5 {[%clk
0:22:14]} cxb5 {[%clk 0:29:01]} 50. Kxd5 {[%clk 0:22:31]} Kf5 {[%clk 0:27:12]}
51. Kc5 {[%clk 0:22:01]} Ke5 {[%clk 0:27:36]} 52. Kxb5 {[%clk 0:21:52]} Kd5
{[%clk 0:27:56]} 53. a6 {[%clk 0:21:24]} b6 {[%clk 0:28:22]} 54. Kb4 {[%clk
0:21:44]} Kc6 {[%clk 0:28:44]} 55. Ka4 {[%clk 0:22:03]} Kc5 0-1